00930 a2200253 4500003000500000005001700005010001600022020001500038040000900053082001200062100002000074245007000094250001200164260012100176300004700297500002000344500011500364650002400479700002000503700002000523942001200543999001900555952010200574Nust20170207152505.0 a 91043077 a0023540818 cNust00a620.1041 aHibbeler, R. C.10aEngineering mechanics.pMCSStatics and dynamics /cR.C. Hibbeler. a6th ed. aNew York :bMacmillan ;aToronto :bMaxwell Macmillan Canada ;aNew York :bMaxwell Macmillan International,cc1992. axiii, 588 p. :bill. (some col.) ;c25 cm. aIncludes index. aPrevious editions published in two parts: Engineering mechanics--statics, and Engineering mechanics--dynamics. 0aMechanics, Applied.1 aHibbeler, R. C.1 aHibbeler, R. C. 2ddccBK c175510d175510 00102ddc40708NFICaMCSbMCSd2016-12-12l0o620.104 HIBpMCS1024r2016-12-08w2016-12-12yBK